Los verbos pseudo-copulativos del español /

Detalles Bibliográficos
Autores principales: Morimoto, Yūko (Autor), Pavón Lucero, Ma. Victoria (María Victoria) (Autor)
Formato: Electrónico eBook
Lenguaje:español
Publicado: Madrid : Arco/Libros, S. L., [2007]
Colección:Cuadernos de lengua española ; 96.
Materias:
Acceso en línea:Digitalia Hispánica

MARC

LEADER 00000nam a2200000Ii 4500
001 DIGARCOL0051
003 NyNyDIG
006 m o d
007 cr |||||||||||
008 241001s2007 sp ob 000 0 spa d
035 |a (OCoLC)1458532425 
040 |a DGITA  |b eng  |e rda  |e pn  |c DGITA 
020 |z 9788476356999 
050 1 4 |a PC4271 ebook 
082 0 4 |a 465.6  |2 23  
100 1 |a Morimoto, Yūko,  |e author. 
245 1 4 |a Los verbos pseudo-copulativos del español /  |c Yuko Morimoto, María Victoria Pavón Lucero. 
264 1 |a Madrid :  |b Arco/Libros, S. L.,  |c [2007] 
300 |a 1 online resource. 
336 |a text  |b txt  |2 rdacontent 
337 |a computer  |b c  |2 rdamedia 
338 |a online resource  |b cr  |2 rdacarrier 
347 |a text file  |2 rdaft 
347 |b PDF 
490 1 |a Cuadernos de lengua española ;  |v 96 
504 |a Includes bibliographical references. 
588 0 |a Online resource; title from PDF title page (Digitalia, viewed October 1, 2024) 
650 0 |a Spanish language  |x Verb.  
700 1 |a Pavón Lucero, Ma. Victoria  |q (María Victoria),  |e author. 
791 2 |a Digitalia (Firm),  |e distributor. 
793 0 |g Digitalia eBook Collection:  |a Arco/Libros 
776 0 8 |i Print version:  |a Morimoto, Yūko.  |t Verbos pseudo-copulativos del español.  |d Madrid : Arco/Libros, S. L., [2007]  |z 9788476356999 
830 0 |a Cuadernos de lengua española ;  |v 96.  
856 4 0 |3 Digitalia Hispánica  |u https://www.digitaliapublishing.com/a/138217/ 
910 |a Premium collection: 2024